• 首页
  • 本馆介绍
  • 公告通知
  • 最新文献
  • 馆藏检索
  • 电子资源
  • 读者导购
  • 参考咨询
  • 我的图书馆
  • 登录
  • 详细信息显示
  • 放入我的书架
  • 预约/预借图书
  • 作者相关作品
  • 分类相关作品
  • 丛书相关作品
  • 出版社相关作品

书目信息

  • 表格格式
  • 工作单格式
  • 卡片格式
题名:
常用实验仪器的使用与维修
    
 
作者: 《常用实验仪器的使用与维修》编写组编
分册:  
出版信息: 福州   福建人民出版社  1979
页数: 117页
开本: 19cm
丛书名:
单 册:
中图分类: TH73
科图分类:
主题词: 实验室仪器--维修
电子资源:
ISBN: 15173.2
000 00620nam0 2200217 450
001 0179005481
005 20100712215608.0
010    @a15173.2@dCNY0.33
091    @a15173.2
100    @a19950731d1979 em y0chiy0110 ea
101 0  @achi
102    @aCN@b350000
105    @ay z 000yy
106    @ar
200 1  @a常用实验仪器的使用与维修@9Chang Yong Shi Yan Yi Qi De;Di Shi Yong Yu Wei Xiu @f《常用实验仪器的使用与维修》编写组编
210    @a福州@c福建人民出版社@d1979
215    @a117页@d19cm
606 0  @a实验室仪器@x维修
690    @aTH73@v3
801  0 @aCN@bAzMarc@c20130904
905    @aBZT@dTH73@e1@f6@sTH73/1
    
    常用实验仪器的使用与维修/《常用实验仪器的使用与维修》编写组编.-福州:福建人民出版社,1979
    117页;19cm
    
    
    ISBN 15173.2:CNY0.33
    
●
相关链接 在五车中查询图书 在当当中查询图书 在豆瓣中查询图书


正题名:常用实验仪器的使用与维修     索取号:TH73/1         预约/预借

序号 登录号 条形码 馆藏地/架位号 状态 备注
1 2000037656   2000037656   旧书回溯/ [索取号:TH73/1] 在馆    
2 2000120542   2000120542   旧书回溯/ [索取号:TH73/1] 在馆    
3 2000120543   2000120543   旧书回溯/ [索取号:TH73/1] 在馆    
4 2000120544   2000120544   旧书回溯/ [索取号:TH73/1] 在馆    
5 2000125177   2000125177   旧书回溯/ [索取号:TH73/1] 在馆    
6 2000147550   2000147550   旧书回溯/ [索取号:TH73/1] 在馆    
山东省滨州职业学院图书馆 欢迎您!
大连网信软件有限公司© 版权所有